[Event "Alzira Christmas 5th"]
[Site "Alzira"]
[Date "2015.12.28"]
[Round "1.2"]
[White "Grueso Gomez, Adriano"]
[Black "Uran Bermudez, Oliver Kevin"]
[Result "0-1"]
[WhiteElo "1686"]
[BlackElo "2196"]
[PlyCount "96"]
[EventDate "2015.12.28"]
[EventType "swiss"]
[EventRounds "7"]
[EventCountry "ESP"]
[SourceTitle "EXT 2024"]
[Source "ChessBase"]
[SourceDate "2023.10.10"]
[SourceVersion "1"]
[SourceVersionDate "2023.10.10"]
[SourceQuality "1"]

1. d4 c5 2. e3 Nf6 3. c4 d6 4. Nf3 Nbd7 5. Nc3 e5 6. d5 Be7 7. Be2 h5 8. h3 Nf8 9. e4 Bd7 10. Bd2 Ng6 11. g3 a6 12. a4 Rb8 13. a5 Qc8 14. Bf1 0-0 15. Bg2 b5 16. axb6 Rxb6 17. b3 Qb7 18. Ra3 Rb8 19. Qa1 Rxb3 20. Rxa6 Qb4 21. 0-0 Qxc4 22. Re1 Qd3 23. Kh2 h4 24. Ra8 hxg3+ 25. fxg3 Rf8 26. Ra2 Bb5 27. Re3 Qc4 28. Ra5 Nh5 29. Rxb5 Rxb5 30. Bf1 Ra5 31. Qxa5 Qxf1 32. Be1 Qc4 33. Nd2 Qd4 34. Rf3 Bg5 35. Nb5 Qb2 36. Nxd6 Qc1 37. Nb3 Qd1 38. Qc3 Ra8 39. Nxc5 Ra1 40. Rf1 Qe2+ 41. Rf2 Qxe1 42. Qxe1 Rxe1 43. Nxf7 Be3 44. Rc2 Bxc5 45. Nxe5 Bg1+ 46. Kg2 Nxe5 47. d6 Bb6 48. Rf2 Bxf2 0-1

[Event "SWE Cup"]
[Site "Linkoping"]
[Date "2014.09.06"]
[Round "4.1"]
[White "Pettersson, Anders1111"]
[Black "Grueso Gomez, Adriano"]
[Result "1-0"]
[WhiteElo "2271"]
[BlackElo "1681"]
[PlyCount "47"]
[EventDate "2014.09.05"]
[EventType "team-tourn"]
[EventRounds "7"]
[EventCountry "SWE"]
[SourceTitle "CBM 162 Extra"]
[Source "ChessBase"]
[SourceDate "2014.10.17"]
[SourceVersion "1"]
[SourceVersionDate "2014.10.17"]
[SourceQuality "1"]
[WhiteTeam "Team Viking"]
[BlackTeam "Vasteras"]
[WhiteTeamCountry "SWE"]
[BlackTeamCountry "SWE"]

1. d4 d5 2. c4 dxc4 3. e3 e5 4. Bxc4 exd4 5. exd4 Bb4+ 6. Nc3 Qe7+ 7. Nge2 Bg4 8. 0-0 Nf6 9. Bg5 Bxc3 10. bxc3 0-0 11. Re1 Nbd7 12. f3 Bh5 13. Nf4 Qd6 14. Nxh5 Nxh5 15. Be7 Qc6 16. Qb3 Nb6 17. Bb5 Qg6 18. Bxf8 Nf4 19. Qb2 Kxf8 20. Qd2 Qg5 21. Kh1 Qxb5 22. Qxf4 Nd5 23. Qe4 Kg8 24. c4 1-0